[Event "C.to Provinciale MN"]
[Site "Mantova ITA"]
[Date "2013.03.15"]
[Round "5"]
[White "Mantovani, Celso"]
[Black "Maniscalco, Orazio"]
[WhiteElo "1044"]
[BlackElo "1449"]
[Result "0-1"]
[PlyCount "88"]
[EventDate "2013.02.15"]

1. d4 e6 2. Nf3 Nc6 3. Nc3 Nf6 4. h3 d5 5. a3 h6 6. e3 Bd7 7. Bb5 Bd6 8. Qd3
O-O 9. Bd2 a6 10. Ba4 b5 11. Bb3 Na5 12. a4 Nxb3 13. cxb3 b4 14. Na2 a5 15.
O-O-O Ne4 16. Be1 c5 17. Kb1 cxd4 18. Nxd4 Qb6 19. Nc1 Rfc8 20. h4 Be5 21. f3
Nc5 22. Qd2 Rc7 23. Bf2 Rac8 24. Qe2 Bf6 25. Rd2 e5 26. Bg3 Rb7 27. Nc2 Be6 28.
Bf2 Qc6 29. h5 Rbc7 30. f4 Nxa4 31. g3 Nxb2 32. Kxb2 exf4+ 33. Nd4 Qc3+ 34. Ka2
Bxd4 35. exd4 a4 36. Rc2 Qxc2+ 37. Qxc2 Rxc2+ 38. Kb1 Rxf2 39. Re1 axb3 40. Re2
fxg3 41. Kb2 Rc2+ 42. Kxb3 Rxc1 43. Rxf2 gxf2 44. Kxb4 f1=Q 0-1

[Event "C.to Provinciale MN"]
[Site "Mantova ITA"]
[Date "2013.03.15"]
[Round "5"]
[White "Oppici, Gabriele"]
[Black "La Venia, Stefano"]
[WhiteElo "1971"]
[BlackElo "2005"]
[Result "1-0"]
[PlyCount "109"]
[EventDate "2013.02.15"]

1. d4 d5 2. Bf4 Nf6 3. Nf3 e6 4. e3 Bd6 5. Bg3 O-O 6. Bd3 b6 7. Qe2 c5 8. c3
Bb7 9. Nbd2 Ne4 10. a4 Qe7 11. a5 Nd7 12. Ne5 Nxe5 13. dxe5 Bc7 14. a6 Bc6 15.
Qh5 f5 16. Nf3 b5 17. Bh4 Qe8 18. Qxe8 Raxe8 19. Ke2 h6 20. Bg3 g5 21. Nd2 f4
22. exf4 gxf4 23. Bh4 Bxe5 24. f3 Nf6 25. Bf2 d4 26. c4 Rb8 27. Rhb1 b4 28. g3
fxg3 29. hxg3 Bd6 30. Rh1 Kg7 31. Rh4 Rh8 32. Nb3 Nd7 33. Rg4+ Kf7 34. Bg6+ Kf6
35. Be4 Bxe4 36. Rxe4 Rb6 37. g4 Ne5 38. Nxc5 Bxc5 39. Bh4+ Kf7 40. Rxe5 Bd6
41. Rh5 Rc6 42. b3 Kg6 43. Bf2 e5 44. Ra5 Re8 45. Kd3 Re6 46. Ke4 Bc7 47. Ra4
Rf6 48. Bg3 Rce6 49. Rf5 Re7 50. Rxf6+ Kxf6 51. Bh4+ Ke6 52. Bxe7 Kxe7 53. Rxb4
Kd6 54. Rb5 Kc6 55. Kf5 1-0

[Event "C.to Provinciale MN"]
[Site "Mantova ITA"]
[Date "2013.03.15"]
[Round "5"]
[White "Zordan, Giovanni"]
[Black "Varini, Matteo"]
[WhiteElo "1680"]
[BlackElo "1671"]
[Result "1-0"]
[PlyCount "72"]
[EventDate "2013.02.15"]

1. e4 d6 2. d4 Nf6 3. Bd3 g6 4. Nf3 Bg7 5. Bg5 O-O 6. O-O Nbd7 7. c4 c5 8. Be3
Nh5 9. Qd2 Re8 10. Nc3 b6 11. a3 Ba6 12. Rab1 Rc8 13. b3 Nhf6 14. h3 h5 15. Qc2
Nh7 16. a4 Ndf8 17. Rfe1 Ne6 18. e5 Bb7 19. exd6 Bxf3 20. dxe7 Rxe7 21. d5 Bxd5
22. Nxd5 Rd7 23. f4 Nf6 24. Nxf6+ Bxf6 25. Rbd1 Bd4 26. f5 Bxe3+ 27. Rxe3 Nf4
28. fxg6 Rxd3 29. gxf7+ Kxf7 30. Rexd3 Nxd3 31. Rxd3 Qc7 32. Qf2+ Kg8 33. Rg3+
Kh8 34. Qf6+ Kh7 35. Qg6+ Kh8 36. Qxh5+ Qh7 1-0

[Event "C.to Provinciale MN"]
[Site "Mantova ITA"]
[Date "2013.03.22"]
[Round "6"]
[White "Baroni, Alessandro"]
[Black "Albinelli, Alberto"]
[WhiteElo "1949"]
[BlackElo "1869"]
[Result "1-0"]
[PlyCount "161"]
[EventDate "2013.02.15"]

1. e4 e5 2. Nf3 Nc6 3. Bb5 a6 4. Bxc6 dxc6 5. O-O f6 6. d4 exd4 7. Qxd4 Qxd4 8.
Nxd4 Bd6 9. Be3 Ne7 10. Nd2 O-O 11. Rad1 Bd7 12. Nc4 Rad8 13. Nb3 Be6 14. Nca5
Bc8 15. Rd2 Bb4 16. c3 Rxd2 17. Bxd2 Bxa5 18. Nxa5 b6 19. Nb3 Ng6 20. Re1 Rd8
21. Be3 c5 22. f3 Be6 23. Re2 a5 24. Rd2 Rxd2 25. Bxd2 Ne5 26. Bf4 Kf7 27. Bxe5
fxe5 28. Nc1 Kf6 29. a3 a4 30. Kf2 g5 31. g3 h5 32. Ke3 c6 33. Nd3 Bc4 34. Nf2
Be6 35. f4 exf4+ 36. gxf4 gxf4+ 37. Kxf4 Bc4 38. h4 Be2 39. Nh3 Bg4 40. Ng5 b5
41. e5+ Ke7 42. Ne4 c4 43. Ng5 Be2 44. Ke4 Bg4 45. Kd4 Bd7 46. Kc5 Be8 47. e6
Kf6 48. Kd6 Kf5 49. Ke7 Bg6 50. Kd7 Kg4 51. Nf7 Kxh4 52. Ne5 Bf5 53. Kd6 Bxe6
54. Kxe6 Kg5 55. Nf7+ Kg4 56. Nh6+ Kg5 57. Nf5 c5 58. Ke5 b4 59. Ke4 Kg4 60.
Nh6+ Kg5 61. Nf7+ Kg4 62. Ne5+ Kg3 63. Ng6 Kg4 64. Ke3 Kf5 65. Nf4 h4 66. Nd5
h3 67. Kf3 h2 68. Kg2 h1=Q+ 69. Kxh1 bxa3 70. bxa3 Ke4 71. Nc7 Kd3 72. Nb5 Kd2
73. Kg2 Ke2 74. Kg3 Ke3 75. Kg4 Ke4 76. Kg5 Ke5 77. Na7 Ke4 78. Kf6 Kd5 79. Ke7
Ke5 80. Kd7 Kd5 81. Nb5 1-0

[Event "C.to Provinciale MN"]
[Site "Mantova ITA"]
[Date "2013.03.22"]
[Round "6"]
[White "Beltrami, Nerio"]
[Black "Azzoni, Marino"]
[WhiteElo "1907"]
[BlackElo "1879"]
[Result "1/2-1/2"]
[PlyCount "108"]
[EventDate "2013.02.15"]

1. e4 e5 2. Nf3 d6 3. d4 exd4 4. Nxd4 Nf6 5. f3 Bd7 6. Be3 Nc6 7. Bb5 Nxd4 8.
Bxd7+ Qxd7 9. Qxd4 Be7 10. c4 O-O 11. Nc3 a6 12. O-O h6 13. Rfd1 Rfd8 14. Rac1
c6 15. Qb6 Qc8 16. Qa5 Nd7 17. Bf4 b6 18. Qa3 Nc5 19. Rd2 Qe6 20. b4 Nb7 21.
Na4 b5 22. Nb6 Ra7 23. cxb5 cxb5 24. Rc6 a5 25. Rd5 f5 26. Rxf5 Rf8 27. Rxf8+
Bxf8 28. Rc8 Ra6 29. Rc6 Nd8 30. Rc8 Nb7 31. Rc7 Rxb6 32. Be3 d5 33. exd5 Qd6
34. Qc3 axb4 35. Qc2 Ra6 36. Rxb7 Qxd5 37. Qb3 Qxb3 38. axb3 Ra3 39. Rxb5 Rxb3
40. Kf2 Rb2+ 41. Kg3 Rb3 42. Bc5 Bxc5 43. Rxc5 Kf7 44. Rc6 Rb2 45. h4 b3 46.
Rb6 Kg8 47. Rb7 Kh7 48. h5 Kg8 49. f4 Kf8 50. Kf3 Kg8 51. g3 Rb1 52. Kg4 b2 53.
Rb3 Kf7 54. Kf5 Rg1 1/2-1/2

[Event "C.to Provinciale MN"]
[Site "Mantova ITA"]
[Date "2013.03.22"]
[Round "6"]
[White "Foroni, Francesco"]
[Black "Goldoni, Claudio"]
[WhiteElo "1870"]
[BlackElo "1996"]
[Result "0-1"]
[PlyCount "108"]
[EventDate "2013.02.15"]

1. Nf3 Nf6 2. e3 d6 3. d4 g6 4. b3 Bg7 5. Bb2 O-O 6. Be2 Nbd7 7. O-O Ne4 8. c4
c5 9. Nbd2 Ndf6 10. Nxe4 Nxe4 11. Qc2 Nf6 12. dxc5 dxc5 13. Rfd1 Qb6 14. Ne5
Bf5 15. Bd3 Be6 16. Rd2 Rfd8 17. Rad1 Rd6 18. Be2 Bf5 19. Bd3 Be6 20. Be2 Rad8
21. Nf3 Bf5 22. Rxd6 exd6 23. Bd3 Bg4 24. Be2 Bf5 25. Bd3 Bd7 26. Nd2 Bg4 27.
Re1 d5 28. cxd5 Rxd5 29. Be2 Qd8 30. Nf1 Bf5 31. Qc1 b6 32. Rd1 Ne4 33. Bxg7
Kxg7 34. Rxd5 Qxd5 35. Bf3 Qe5 36. h3 Qc3 37. Qd1 Qb2 38. Bxe4 Bxe4 39. Qd2 Qa1
40. f3 Bb1 41. a4 Ba2 42. Qc2 Bb1 43. Qe2 Qc3 44. Nd2 Bd3 45. Qe1 Bc2 46. Qf2
Bxb3 47. Nxb3 Qxb3 48. a5 c4 49. axb6 axb6 50. e4 Qd1+ 51. Kh2 c3 52. Qxb6 c2
53. e5 c1=Q 54. Qf6+ Kg8 0-1

[Event "C.to Provinciale MN"]
[Site "Mantova ITA"]
[Date "2013.03.22"]
[Round "6"]
[White "Maniscalco, Orazio"]
[Black "Schiatti, Piero"]
[WhiteElo "1449"]
[BlackElo "1989"]
[Result "1/2-1/2"]
[PlyCount "64"]
[EventDate "2013.02.15"]

1. d4 f5 2. Nc3 d5 3. Bf4 Nf6 4. e3 c6 5. Bd3 e6 6. Nge2 Be7 7. O-O O-O 8. f3
Nh5 9. Bg3 Nxg3 10. Nxg3 f4 11. exf4 Rxf4 12. Nce2 Rf8 13. f4 c5 14. c3 cxd4
15. Nxd4 Nc6 16. Bc2 Bd6 17. Qd3 g6 18. Nge2 Qh4 19. g3 Qh3 20. Rf2 Bd7 21.
Raf1 Rae8 22. Bb3 Na5 23. Kh1 Nxb3 24. axb3 Bc6 25. Nxc6 bxc6 26. b4 e5 27.
fxe5 Bxe5 28. Rxf8+ Rxf8 29. Rxf8+ Kxf8 30. Qf3+ Ke7 31. Nf4 Bxf4 32. Qxf4 Qe6
1/2-1/2

[Event "C.to Provinciale MN"]
[Site "Mantova ITA"]
[Date "2013.03.22"]
[Round "6"]
[White "Oppici, Gabriele"]
[Black "Bertani, Gianfranco"]
[WhiteElo "1971"]
[BlackElo "2057"]
[Result "1-0"]
[PlyCount "71"]
[EventDate "2013.02.15"]

1. d4 f5 2. Nf3 d5 3. Bf4 Nf6 4. e3 e6 5. c4 c6 6. Nc3 Be7 7. Bd3 O-O 8. h3 Ne4
9. Ne5 Nd7 10. Qc2 Bh4 11. g3 Bf6 12. Nxd7 Qxd7 13. h4 b6 14. Ne2 Qe7 15. Qb3
Bd7 16. f3 Nd6 17. O-O g5 18. hxg5 Bxg5 19. Rf2 Bxf4 20. exf4 Qf6 21. Rh2 Rac8
22. c5 bxc5 23. dxc5 Rb8 24. Qa3 Rxb2 25. cxd6 Rxe2 26. Rxe2 Qxa1+ 27. Kg2 Qd4
28. Qb3 Qc5 29. Qb7 Qxd6 30. Qxa7 c5 31. Rb2 c4 32. Rb7 Rd8 33. Bc2 d4 34. Ba4
d3 35. Bxd7 c3 36. Bc8 1-0

[Event "C.to Provinciale MN"]
[Site "Mantova ITA"]
[Date "2013.03.22"]
[Round "6"]
[White "Pietralunga, Nicola"]
[Black "Maniscalco, Davide"]
[WhiteElo "2108"]
[BlackElo "1706"]
[Result "1/2-1/2"]
[PlyCount "56"]
[EventDate "2013.02.15"]

1. c4 Nf6 2. Nf3 g6 3. g3 Bg7 4. Bg2 O-O 5. O-O d6 6. Nc3 c5 7. d4 cxd4 8. Nxd4
a6 9. Qd3 Qc7 10. Be3 Nc6 11. Rac1 Ne5 12. Qb1 Rb8 13. Nd5 Qd8 14. h3 Nc6 15.
Qd3 Nxd4 16. Bxd4 Nxd5 17. cxd5 Bxd4 18. Qxd4 Qa5 19. b4 Qxa2 20. Qa7 Bd7 21.
Rc7 Bb5 22. Rxe7 Rfe8 23. Rxe8+ Rxe8 24. Bf3 Qb2 25. Qxb7 Qxb4 26. Rc1 Qb2 27.
Rc7 Qf6 28. Qb6 Qd8 1/2-1/2

[Event "C.to Provinciale MN"]
[Site "Mantova ITA"]
[Date "2013.03.22"]
[Round "6"]
[White "Varini, Matteo"]
[Black "Caramaschi, Vincenzo"]
[WhiteElo "1671"]
[BlackElo "1590"]
[Result "1-0"]
[PlyCount "94"]
[EventDate "2013.02.15"]

1. e4 e5 2. Nf3 Nc6 3. d3 Bc5 4. g3 d6 5. Bg2 Nf6 6. Nbd2 d5 7. Qe2 Be6 8. Nxe5
Nxe5 9. exd5 Nxd3+ 10. Qxd3 Bxd5 11. Nf3 Bxf3 12. Qxf3 Qe7+ 13. Be3 O-O 14. O-O
Bxe3 15. Qxe3 Qxe3 16. fxe3 c6 17. Bf3 Rad8 18. Rf2 Rfe8 19. Re1 g6 20. Bxc6
bxc6 21. Rxf6 Re6 22. Rxe6 fxe6 23. Kf2 Rd2+ 24. Re2 Rd1 25. Kf3 Kg7 26. e4 Kf6
27. Ke3 Ke5 28. c3 h5 29. Kf2 g5 30. Kf3 g4+ 31. Kg2 Rd3 32. h3 c5 33. hxg4
hxg4 34. Kf2 Rf3+ 35. Kg2 Rd3 36. a4 c4 37. Rf2 Kxe4 38. Rf4+ Ke3 39. Rxg4 Rd2+
40. Kh3 Rxb2 41. Rxc4 Kd3 42. Rc5 Ke4 43. Kg4 Rf2 44. Kg5 Rf5+ 45. Rxf5 exf5
46. c4 a5 47. c5 Kd5 1-0

[Event "II Festival Grand Hotel Adriatico A"]
[Site "Montesilvano ITA"]
[Date "2013.03.01"]
[Round "1"]
[White "Antonelli, Alessandro"]
[Black "Luciani, Valerio"]
[WhiteElo "1932"]
[BlackElo "2237"]
[Result "0-1"]
[PlyCount "117"]
[EventDate "2013.03.01"]

1. d4 f5 2. c4 Nf6 3. Nf3 g6 4. g3 Bg7 5. Bg2 d6 6. O-O O-O 7. Nc3 c6 8. Qc2
Nh5 9. e3 e5 10. dxe5 dxe5 11. Rd1 Qe7 12. h3 e4 13. Nd4 Nf6 14. b3 Na6 15. a3
Nc5 16. Bf1 h5 17. Rb1 h4 18. b4 Ne6 19. b5 hxg3 20. fxg3 Nh5 21. Nce2 Qg5 22.
Kh2 Be5 23. bxc6 Nxg3 24. Nxg3 Qxg3+ 25. Kh1 bxc6 26. Nxc6 Bc7 27. Ne7+ Kh7 28.
Nxc8 Raxc8 29. Rd7+ Kh6 30. Qg2 Qxg2+ 31. Kxg2 Bb6 32. Kf2 Rc6 33. Ke1 Nc5 34.
Rd5 g5 35. Kd2 f4 36. Kc3 f3 37. Bd2 Re6 38. Kb4 Rb8 39. Rd1 Rc6 40. Kc3 Bd8
41. Bc1 Bf6+ 42. Kc2 Rbb6 43. R1d2 Kg6 44. Rd1 Rb3 45. Rd6 Rc3+ 46. Kb1 Rb3+
47. Ka2 Rbb6 48. Rxc6 Rxc6 49. Rd5 Kh5 50. Bb2 Bxb2 51. Kxb2 Kh4 52. Kc3 Kg3
53. Kd4 Kf2 54. Rxc5 Rxc5 55. Kxc5 Kxf1 56. Kd6 Ke2 57. c5 f2 58. c6 f1=Q 59.
Ke5 0-1

[Event "II Festival Grand Hotel Adriatico A"]
[Site "Montesilvano ITA"]
[Date "2013.03.01"]
[Round "1"]
[White "Bottega, Antonio"]
[Black "Stromboli, Ettore"]
[WhiteElo "1964"]
[BlackElo "2324"]
[Result "0-1"]
[PlyCount "110"]
[EventDate "2013.03.01"]

1. d4 Nf6 2. Nf3 b6 3. Bg5 Bb7 4. Nc3 e6 5. e4 Be7 6. e5 Nd5 7. Nxd5 Bxg5 8.
Nxc7+ Qxc7 9. Nxg5 Nc6 10. c3 Nxe5 11. Nxe6 fxe6 12. dxe5 Qxe5+ 13. Qe2 Qf4 14.
Qd2 Qe5+ 15. Qe2 Qd5 16. Qd2 O-O 17. Qxd5 Bxd5 18. f3 Rf5 19. Bd3 Rg5 20. Kf2
Rf8 21. c4 Bc6 22. h4 Rg4 23. a4 a5 24. b3 e5 25. Rad1 e4 26. Be2 Rxg2+ 27.
Kxg2 exf3+ 28. Bxf3 Rxf3 29. Rhf1 Rxb3+ 30. Kh2 Bxa4 31. Rde1 Rb2+ 32. Kg3 h5
33. Re7 Bc6 34. Kf4 Rg2 35. Rb1 Rg4+ 36. Kf5 Rxc4 37. Rxb6 Rxh4 38. Rb8+ Kh7
39. Ree8 g6+ 40. Kg5 Rg4+ 41. Kf6 Rf4+ 42. Kg5 Rf5+ 43. Kh4 g5+ 44. Kg3 Rf3+
45. Kh2 g4 46. Rh8+ Kg6 47. Rbg8+ Kf7 48. Rg5 Rh3+ 49. Kg1 g3 50. Rhxh5 Rxh5
51. Rxh5 a4 52. Ra5 Ke6 53. Rg5 g2 54. Rg3 Ke5 55. Kf2 Kd4 0-1

[Event "II Festival Grand Hotel Adriatico A"]
[Site "Montesilvano ITA"]
[Date "2013.03.01"]
[Round "1"]
[White "Cerquitella, Luca"]
[Black "Civitareale, Antonio"]
[WhiteElo "2294"]
[BlackElo "1957"]
[Result "1-0"]
[PlyCount "53"]
[EventDate "2013.03.01"]

1. e4 c5 2. c3 g6 3. d4 cxd4 4. cxd4 d5 5. Nc3 dxe4 6. Bc4 Bg7 7. Qb3 e6 8. d5
Qe7 9. dxe6 Bxe6 10. Bxe6 Qxe6 11. Qxb7 Bxc3+ 12. bxc3 Qc6 13. Qb4 Nd7 14. Ne2
Rb8 15. Qd4 Ngf6 16. O-O Qb6 17. Be3 Qxd4 18. Bxd4 a6 19. Ng3 O-O 20. Rfe1 Rfe8
21. Re2 h5 22. h4 Re6 23. Rae1 Rbe8 24. Rb1 Kf8 25. Rb7 Rc8 26. Reb2 Nc5 27.
Rb8 1-0

[Event "II Festival Grand Hotel Adriatico A"]
[Site "Montesilvano ITA"]
[Date "2013.03.01"]
[Round "1"]
[White "Collutiis, Duilio"]
[Black "Buiano, Fabio"]
[WhiteElo "2478"]
[BlackElo "2036"]
[Result "1-0"]
[PlyCount "67"]
[EventDate "2013.03.01"]

1. g3 b6 2. Bg2 Nc6 3. d4 Bb7 4. e4 e5 5. d5 Nce7 6. Ne2 Ng6 7. c4 Nf6 8. a3 c6
9. Nbc3 a6 10. O-O b5 11. h3 bxc4 12. Be3 cxd5 13. exd5 d6 14. Na4 Nd7 15. Rc1
Rc8 16. b3 Be7 17. bxc4 Bg5 18. Bxg5 Qxg5 19. Qb3 Rb8 20. c5 dxc5 21. Nxc5 Nxc5
22. Rxc5 O-O 23. Qc3 h5 24. h4 Qe7 25. Rb1 Qd6 26. Qa5 Ba8 27. Rbc1 Rfd8 28.
Nc3 f5 29. Nd1 Ne7 30. Ne3 e4 31. Nc4 Qh6 32. Rd1 Qf6 33. d6 Ng6 34. Rxf5 1-0

[Event "II Festival Grand Hotel Adriatico A"]
[Site "Montesilvano ITA"]
[Date "2013.03.01"]
[Round "1"]
[White "Coronel, Joshua"]
[Black "Napoli, Nicolo'"]
[WhiteElo "1954"]
[BlackElo "2281"]
[Result "1-0"]
[PlyCount "79"]
[EventDate "2013.03.01"]

1. e4 c6 2. d4 d5 3. Nc3 Nf6 4. e5 Ne4 5. Bd3 Bf5 6. f4 e6 7. Nf3 Bb4 8. Bd2
Nxd2 9. Qxd2 Bg4 10. O-O c5 11. a3 Ba5 12. Qf2 Bxf3 13. Qxf3 c4 14. Be2 Nc6 15.
Qg4 O-O 16. Rad1 f5 17. Qh3 Rb8 18. g4 Qb6 19. Na4 Qb5 20. b3 fxg4 21. Bxg4 Bb6
22. Nxb6 Qxb6 23. Bxe6+ Kh8 24. Qe3 Nxd4 25. Qxd4 Qxe6 26. Qxd5 Qg6+ 27. Kh1
Rbc8 28. f5 Qg5 29. Qxb7 cxb3 30. cxb3 Rc2 31. Rg1 Rxh2+ 32. Kxh2 Qh4+ 33. Kg2
Qg4+ 34. Kf2 Qxf5+ 35. Ke3 Qf2+ 36. Kd3 Rf3+ 37. Kc4 Rf4+ 38. Kb5 Qe2+ 39. Kc6
Qf3+ 40. Rd5 1-0

[Event "II Festival Grand Hotel Adriatico A"]
[Site "Montesilvano ITA"]
[Date "2013.03.01"]
[Round "1"]
[White "Martella, Antonio"]
[Black "Messina, Enrico"]
[WhiteElo "1925"]
[BlackElo "2222"]
[Result "0-1"]
[PlyCount "100"]
[EventDate "2013.03.01"]

1. d4 Nf6 2. Nf3 c5 3. c3 b6 4. Bf4 Bb7 5. e3 g6 6. Be2 d6 7. h3 Bg7 8. O-O O-O
9. Nbd2 Nbd7 10. a4 a6 11. b4 Nd5 12. Qb3 cxb4 13. cxb4 Nxf4 14. exf4 Rc8 15.
Rac1 Nf6 16. Rc2 Qd7 17. Rfc1 Nd5 18. Rxc8 Rxc8 19. Rxc8+ Qxc8 20. Bc4 e6 21.
g3 Ne7 22. Ng5 d5 23. Bf1 Bxd4 24. Qd3 Qc3 25. Ngf3 Qxd3 26. Bxd3 Bc3 27. b5 a5
28. Nb3 f6 29. Kf1 Kf7 30. Ke2 Ke8 31. g4 h6 32. h4 e5 33. fxe5 fxe5 34. Bc2
Kd7 35. h5 gxh5 36. gxh5 Ke6 37. Nh4 Kf6 38. Ng6 Nxg6 39. Bxg6 Bc8 40. f3 Bf5
41. Bxf5 Kxf5 42. Kd3 Bb4 43. Nc1 Bc5 44. Nb3 Ba3 45. Nd2 Kf4 46. Ke2 Kg5 47.
Kf2 Kxh5 48. f4 e4 49. Kg3 Bb2 50. Kf2 Kg4 0-1

[Event "II Festival Grand Hotel Adriatico A"]
[Site "Montesilvano ITA"]
[Date "2013.03.01"]
[Round "1"]
[White "Martorelli, Antonio"]
[Black "Santeramo, Alessia Carmen"]
[WhiteElo "2227"]
[BlackElo "1928"]
[Result "1-0"]
[PlyCount "61"]
[EventDate "2013.03.01"]

1. e4 c5 2. Nf3 e6 3. d4 cxd4 4. Nxd4 a6 5. Nc3 Qc7 6. Be2 Nf6 7. O-O Nc6 8.
Be3 b5 9. Nxc6 dxc6 10. e5 Nd5 11. Nxd5 cxd5 12. a4 b4 13. c4 bxc3 14. bxc3
Qxe5 15. Bd4 Qd6 16. Re1 Be7 17. Bxg7 Rg8 18. Be5 Qd7 19. Rb1 Bb7 20. Qb3 Bc6
21. a5 d4 22. Bf1 Qd5 23. Qxd5 Bxd5 24. Bxd4 Rg5 25. g3 Bf3 26. Re3 Bc6 27. Rb6
Kd7 28. Rxc6 Kxc6 29. Bg2+ Rd5 30. c4 Bg5 31. cxd5+ 1-0

[Event "II Festival Grand Hotel Adriatico A"]
[Site "Montesilvano ITA"]
[Date "2013.03.01"]
[Round "1"]
[White "Pescatore, Lorenzo"]
[Black "Capuano, Francesca"]
[WhiteElo "2206"]
[BlackElo "1923"]
[Result "1-0"]
[PlyCount "91"]
[EventDate "2013.03.01"]

1. e4 e5 2. Nf3 Nf6 3. Nxe5 d6 4. Nf3 Nxe4 5. Nc3 Nxc3 6. dxc3 Be7 7. Be3 O-O
8. Qd2 Nc6 9. O-O-O Ne5 10. Kb1 Bg4 11. Be2 Nxf3 12. gxf3 Be6 13. Bd3 Bf6 14.
Rdg1 Kh8 15. h4 d5 16. Bh6 Rg8 17. Bg5 c5 18. Qf4 Rc8 19. Rd1 Qc7 20. Qd2 Be7
21. Rde1 Bd6 22. f4 c4 23. Bf1 Rge8 24. f5 Bxf5 25. Bg2 Be4 26. f3 Bf5 27. Qxd5
Be6 28. Qd4 Bc5 29. Qd2 f6 30. Bf4 Qb6 31. h5 Rcd8 32. Qc1 Bf5 33. Rxe8+ Rxe8
34. Re1 Qc6 35. h6 g6 36. Qd2 Rxe1+ 37. Qxe1 g5 38. Bg3 Bf8 39. Qh1 Qd5 40. f4
Qd2 41. fxg5 Bxc2+ 42. Ka1 Qd1+ 43. Qxd1 Bxd1 44. gxf6 Bxh6 45. Bd6 Bh5 46. Bd5
1-0

[Event "II Festival Grand Hotel Adriatico A"]
[Site "Montesilvano ITA"]
[Date "2013.03.01"]
[Round "1"]
[White "Scipioni, Gaetano"]
[Black "Horvath, Csaba"]
[WhiteElo "2041"]
[BlackElo "2514"]
[Result "0-1"]
[PlyCount "62"]
[EventDate "2013.03.01"]

1. d4 g6 2. Nf3 Bg7 3. Bf4 d6 4. e3 Nd7 5. c4 e5 6. Bg3 Ne7 7. dxe5 dxe5 8. Nc3
O-O 9. Be2 Nf5 10. O-O c6 11. Qc2 Qe7 12. Rad1 h5 13. e4 Nxg3 14. hxg3 Re8 15.
Qd2 Nc5 16. Qd6 Qxd6 17. Rxd6 a5 18. b3 Bg4 19. Rfd1 f6 20. Kf1 Kf7 21. Ne1 Bf8
22. R6d2 Be6 23. Nd3 Nxd3 24. Rxd3 Bc5 25. f4 Ke7 26. Bf3 Rh8 27. Ke2 Bd4 28.
Kd2 a4 29. Nxa4 Bxc4 30. Rxd4 exd4 31. Nb6 Rxa2+ 0-1

[Event "II Festival Grand Hotel Adriatico A"]
[Site "Montesilvano ITA"]
[Date "2013.03.01"]
[Round "1"]
[White "Stromboli, Carlo"]
[Black "Tribuiani, Renato"]
[WhiteElo "2336"]
[BlackElo "1977"]
[Result "1-0"]
[PlyCount "53"]
[EventDate "2013.03.01"]

1. e4 Nc6 2. d4 e5 3. Nf3 exd4 4. Bc4 g6 5. Bg5 Be7 6. Bf4 d6 7. O-O Be6 8. Bb5
g5 9. Bc1 a6 10. Bxc6+ bxc6 11. Qxd4 Bf6 12. Qa4 g4 13. Nd4 Bxd4 14. Qxd4 Qf6
15. Qa4 Ne7 16. Nc3 Bd7 17. Qa5 Kd8 18. Bg5 Qe6 19. Rad1 f6 20. Bf4 Kc8 21. Na4
Ng6 22. Nc5 Qc4 23. Bxd6 cxd6 24. Rxd6 Ra7 25. Qb6 Rc7 26. Rxd7 Rxd7 27. Qxc6+
1-0

[Event "II Festival Grand Hotel Adriatico A"]
[Site "Montesilvano ITA"]
[Date "2013.03.02"]
[Round "2"]
[White "Altini, Nicola"]
[Black "Difronzo, Andrea"]
[WhiteElo "2349"]
[BlackElo "1919"]
[Result "0-1"]
[PlyCount "106"]
[EventDate "2013.03.01"]

1. d4 Nf6 2. c4 c5 3. d5 b5 4. Nf3 g6 5. Qc2 bxc4 6. e4 d6 7. Bxc4 Bg7 8. O-O
O-O 9. h3 Nbd7 10. Na3 Nb6 11. Re1 Nfd7 12. Rb1 Ne5 13. Nxe5 Bxe5 14. b3 f5 15.
Bb2 Bxb2 16. Rxb2 Nd7 17. Qc3 f4 18. Bb5 f3 19. Re3 fxg2 20. Nc4 Nf6 21. Bc6
Rb8 22. f4 Bd7 23. Bxd7 Qxd7 24. Rxg2 Rf7 25. Qe1 Rg7 26. Qh4 Rf8 27. Kh1 Kh8
28. Nd2 Qb5 29. Reg3 Qb4 30. f5 Nxd5 31. a3 Qd4 32. Nf3 Qa1+ 33. Rg1 Qxa3 34.
exd5 Qxb3 35. Qe4 Rxf5 36. Ne5 Qb7 37. Nc6 Qd7 38. Rb1 Rgf7 39. Qd3 Kg7 40.
Qc3+ R7f6 41. Re1 e5 42. Qd3 Qf7 43. Reg1 Rf3 44. Qe4 Rxg3 45. Rxg3 Rf4 46. Qd3
Rf1+ 47. Kh2 Qf2+ 48. Rg2 Qe1 49. Qxf1 Qxf1 50. Ra2 Qf4+ 51. Kg2 Qe4+ 52. Kh2
Qxd5 53. Rxa7+ Kf6 0-1

[Event "II Festival Grand Hotel Adriatico A"]
[Site "Montesilvano ITA"]
[Date "2013.03.02"]
[Round "2"]
[White "Cangiano, Federico"]
[Black "Martorelli, Antonio"]
[WhiteElo "1914"]
[BlackElo "2227"]
[Result "0-1"]
[PlyCount "69"]
[EventDate "2013.03.01"]

1. d4 Nf6 2. Nf3 d6 3. g3 g6 4. Bg2 Bg7 5. O-O O-O 6. c4 Nbd7 7. Nc3 e5 8. e4
exd4 9. Nxd4 Re8 10. Re1 a6 11. h3 Rb8 12. a4 Ne5 13. b3 c5 14. Nc2 b6 15. Bb2
Bb7 16. f4 Nc6 17. Rb1 h5 18. Nd5 Nxd5 19. exd5 Ne7 20. Bxg7 Kxg7 21. Ne3 Bc8
22. g4 hxg4 23. hxg4 b5 24. Qc2 Ng8 25. Qf2 bxa4 26. bxa4 Rxb1 27. Rxb1 Qf6 28.
Re1 Bd7 29. a5 Qc3 30. f5 g5 31. Bf1 Nf6 32. Bg2 Nxg4 33. Qg3 Rxe3 34. Qxg4
Rxe1+ 35. Kh2 0-1

[Event "II Festival Grand Hotel Adriatico A"]
[Site "Montesilvano ITA"]
[Date "2013.03.02"]
[Round "2"]
[White "Capone, Vincenzo"]
[Black "Di Martino, Antonio"]
[WhiteElo "2185"]
[BlackElo "1847"]
[Result "1-0"]
[PlyCount "69"]
[EventDate "2013.03.01"]

1. d4 d5 2. c4 e6 3. Nf3 Nf6 4. g3 Be7 5. Bg2 O-O 6. O-O Nbd7 7. Qc2 Re8 8.
Nbd2 c6 9. e4 dxe4 10. Nxe4 Nxe4 11. Qxe4 Bf6 12. Rd1 Nb6 13. Qc2 Qe7 14. a4
Nd7 15. b3 e5 16. Ba3 Qe6 17. Re1 e4 18. Ng5 Bxg5 19. Rxe4 Nf8 20. Rxe6 Nxe6
21. Bb2 Bd7 22. Be4 g6 23. d5 Nc5 24. Qc3 f6 25. Bg2 Rf8 26. Ba3 b6 27. dxc6
Be6 28. Re1 Rae8 29. f4 Bh6 30. b4 Na6 31. b5 Nc5 32. Bxc5 bxc5 33. Rxe6 Rxe6
34. Bd5 Rfe8 35. Qxf6 1-0

[Event "II Festival Grand Hotel Adriatico A"]
[Site "Montesilvano ITA"]
[Date "2013.03.02"]
[Round "2"]
[White "Carnicelli, Valerio"]
[Black "Cerquitella, Luca"]
[WhiteElo "2060"]
[BlackElo "2294"]
[Result "1/2-1/2"]
[PlyCount "126"]
[EventDate "2013.03.01"]

1. e4 Nc6 2. d4 e5 3. dxe5 Nxe5 4. Nf3 Bb4+ 5. Bd2 Bxd2+ 6. Nbxd2 Qe7 7. Be2
Nf6 8. O-O O-O 9. c3 d6 10. Qc2 Bg4 11. Rae1 Nh5 12. Nxe5 Bxe2 13. Rxe2 dxe5
14. Nf3 Qe6 15. Rd2 Nf4 16. g3 Rfe8 17. Rfd1 Qg4 18. Ne1 Nh3+ 19. Kg2 Ng5 20.
f3 Qh3+ 21. Kg1 h5 22. Rd3 h4 23. Qg2 Qe6 24. b3 hxg3 25. hxg3 g6 26. Nc2 Kg7
27. Ne3 Rh8 28. Kf2 Rh5 29. Rh1 Rxh1 30. Qxh1 Rh8 31. Qg2 Qa6 32. Rd2 Qa3 33.
Ke2 Qc1 34. Rc2 Qb1 35. Rd2 Rh1 36. Nd1 Rxd1 37. Rxd1 Qxa2+ 38. Rd2 Qxb3 39.
Qf2 Qxc3 40. Qe3 Qxe3+ 41. Kxe3 Ne6 42. f4 Kf6 43. Rd5 exf4+ 44. gxf4 Ke7 45.
f5 gxf5 46. exf5 Nf8 47. Kf4 Nd7 48. Kg5 c6 49. Rd1 a5 50. Kh6 Nf6 51. Re1+ Kf8
52. Rb1 b5 53. Rc1 Nd5 54. Rxc6 b4 55. Rc5 Nc3 56. Rxa5 Ke7 57. Kg7 b3 58. f6+
Ke6 59. Ra6+ Ke5 60. Rb6 Nd5 61. Rxb3 Nxf6 62. Rb5+ Nd5 63. Kxf7 Kd6 1/2-1/2

[Event "II Festival Grand Hotel Adriatico A"]
[Site "Montesilvano ITA"]
[Date "2013.03.02"]
[Round "2"]
[White "Horvath, Csaba"]
[Black "Lantini, Marco"]
[WhiteElo "2514"]
[BlackElo "2128"]
[Result "1-0"]
[PlyCount "39"]
[EventDate "2013.03.01"]

1. d4 Nf6 2. c4 e6 3. Nf3 c5 4. d5 b5 5. dxe6 fxe6 6. cxb5 a6 7. e3 Be7 8. Nbd2
O-O 9. b3 Qa5 10. a4 axb5 11. Bxb5 Ne4 12. Bb2 d5 13. O-O Nd6 14. Ne5 Qb6 15.
Bd3 Nd7 16. Ndf3 c4 17. Nxd7 Bxd7 18. Ne5 Bxa4 19. Qg4 Nf5 20. Nxc4 1-0